000 00977nam0a22002651 4500
001 rc\37192
005 20260302132429.0
035 _a(NLR Aleph) 008759272
090 _a7855302
_c7855302
100 _a20021216d1992 u y0rusy50 ca
101 0 _arus
102 _aRU
105 _ay |||||||||
200 1 _aБизнес-план - инструмент предпринимательского менеджмента
_f[Сост. В.М. Мишин]
210 _aМ.
_cЦНИИ информ. и техн.-экон. исслед. лег. пром-сти
_d1992
215 _a32, [1] с.
_d22
320 _aБиблиогр.: с. 33 (7 назв.)
702 1 _4220
_7ca
_8rus
_aМишин
_bВ. М.
_cд-р экон. наук
_f1940-2009
_gВиктор Михайлович
_9112742
_3RU\NLR\AUTH\772734
801 0 _aRU
_bNLR
_gpsbo
801 1 _aRU
_bELAR
_2rusmarc
801 2 _aRU
_bNLR
_c20080415
_2rusmarc
852 _aNLR
_j93-6/4
942 _cUNSPEC
980 _aNB